Entre los muertos / (Registro nro. 16323)
[ vista simple ]
| 000 -CABECERA | |
|---|---|
| Campo de control de longitud fija | 00669nam a22002295a 4500 |
| 001 - NÚMERO DE CONTROL | |
| Campo de control | BNC01000000000000001254128 |
| 003 - IDENTIFICADOR DEL NÚMERO DE CONTROL | |
| Campo de control | CL-SaCFP |
| 005 - FECHA Y HORA DE LA ÚLTIMA TRANSACCIÓN | |
| Campo de control | 20260212113819.0 |
| 008 - CÓDIGOS DE INFORMACIÓN DE LONGITUD FIJA | |
| Campo de control de longitud fija | 260112s 000 0 spa |
| 015 ## - NÚMERO DE BIBLIOGRAFÍA NACIONAL | |
| Número de bibliografía nacional | cl-2025-xxxx |
| 020 ## - NÚMERO INTERNACIONAL NORMALIZADO PARA LIBROS (ISBN) | |
| Número Internacional Normalizado para Libros (ISBN) | 9789566355830 |
| 040 ## - FUENTE DE LA CATALOGACIÓN | |
| Centro catalogador de origen | clsabn |
| Lengua de catalogación | spa |
| Centro transcriptor | clsabn |
| Normas de descripción | rda |
| 099 ## - LOCAL FREE-TEXT CALL NUMBER (OCLC) | |
| Classification number | lbh/20260112 |
| 100 1# - PUNTO DE ACCESO PRINCIPAL - NOMBRE DE PERSONA | |
| Nombre de persona | Santiago, Mikel |
| 245 10 - MENCIÓN DE TÍTULO | |
| Título | Entre los muertos / |
| Mención de responsabilidad etc. | Mikel Santiago. |
| 250 ## - MENCIÓN DE EDICIÓN | |
| Mención de edición | Primera edición en Chile: noviembre de 2025. |
| 264 #1 - PRODUCTION, PUBLICATION, DISTRIBUTION, MANUFACTURE, AND COPYRIGHT NOTICE | |
| Lugar de producción publicación distribución fabricación | Santiago de Chile : |
| Nombre del de productor editor distribuidor fabricante | Penguin Random House Grupo Editorial S.A., |
| Fecha de de producción publicación distribución fabricación o copyright | 2025. |
| 300 ## - DESCRIPCIÓN FÍSICA | |
| Extensión | 477 páginas ; |
| Dimensiones | 23 cm. |
| 500 ## - NOTA GENERAL | |
| Nota general | La Trama |
| 500 ## - NOTA GENERAL | |
| Nota general | B |
| 942 ## - ENTRADA PARA ELEMENTOS AGREGADOS (KOHA) | |
| Fuente de clasificación o esquema de ordenación en estanterías | Dewey Decimal Classification |
| Koha [por defecto] tipo de item | Libros |
| Suprimido | Estado de pérdida | Fuente de clasificación o esquema de ordenación en estanterías | Estropeado | No para préstamo | Localización permanente | Localización actual | Fecha de adquisición | Préstamos totales | Renovaciones totales | Código de barras | Fecha última consulta | Fecha último préstamo | Fecha del precio de reemplazo | Tipo de item de Koha |
|---|---|---|---|---|---|---|---|---|---|---|---|---|---|---|
| Dewey Decimal Classification | Biblioteca Central | Biblioteca Central | 12/02/2026 | 1 | 2 | 3563000054716 | 12/03/2026 | 12/02/2026 | 12/02/2026 | Libros |